000 00208 a2200097 4500
001 5137
100 _aTolansky,S
245 _aIntroduction to atomic physics
260 _a
_bLongmans
_c
090 _c4272
_d4272
942 _aNUST-CAE
_cM
_c30570
999 _c240210
_d240210